000 00463nam a22001817a 4500
005 20230727121604.0
008 230727b |||||||| |||| 00| 0 eng d
020 _a978-81-931981-0-0
041 _aeng
082 _a345.400 5
100 _aDHAL, DEBI PRASAD
_97888
245 _aINDIAN BAR REVIEW , VOL-48[1&2] 2021
250 _aVOL-48[1&2]
260 _aNEW DELHI
_bBAR COUNCIL OF INDIA TRUST
_c2021
300 _a482;P
650 _aLAW
_97889
942 _cBK
999 _c8346
_d8344